Los trenes se van al purgatorio
-д хадгалсан:
| Үндсэн зохиолч: | |
|---|---|
| Формат: | Ном |
| Хэл сонгох: | испани |
| Хэвлэсэн: |
Santiago
Planeta
2002
|
| Хэвлэл: | 6a. ed |
| Нөхцлүүд: | |
| Шошгууд: |
Шошго нэмэх
Шошго байхгүй, Энэхүү баримтыг шошголох эхний хүн болох!
|
MARC
| LEADER | 00000cam a2200000 a 4500 | ||
|---|---|---|---|
| 001 | UCM8449 | ||
| 003 | CL-VaPUC | ||
| 008 | 030314e20020900CL |||||||||||||||||spa|d | ||
| 082 | 0 | 4 | |a Ch863 |b RIV |2 21 |
| 100 | 0 | |a Rivera Letelier, Hernán |e author |9 474510 | |
| 245 | 1 | 4 | |a Los trenes se van al purgatorio |
| 250 | |a 6a. ed | ||
| 300 | |a 191 p | ||
| 942 | |c BK | ||
| 945 | |d 20030314 00:00:00 |a vberengu | ||
| 260 | |a Santiago |b Planeta |c 2002 | ||
| 650 | 0 | |a Literatura chilena |9 308278 | |
| 650 | 0 | |a Novelas chilenas |9 265425 | |
| 583 | |a last modification |c 20180925 01:49:14 |k Rodrigo Vera | ||
| 999 | |c 302956 |d 302954 | ||
| 952 | |0 0 |1 0 |4 0 |6 CH_863_000000000000000_RIV_2002 |7 0 |8 A |9 363824 |a BIBCUR |b BIBCUR |d 2019-11-21 |i 3883981 |l 3 |o Ch863 RIV 2002 |p 3883981 |r 2025-04-22 |s 2023-11-27 |w 2019-11-21 |y BK |k PER | ||
| 952 | |0 0 |1 0 |3 erb |4 0 |6 CH_863_000000000000000_RIV_2002 |7 0 |8 A |9 363825 |a BIBEDU |b BIBEDU |i 5502993 |o Ch863 RIV 2002 |p 5502993 |r 2019-11-21 |w 2019-11-21 |y BK |z Catalogado en:20180927 |k LIT | ||